MDQL
is popping MORE tags! Check the
thread
!
Quizzes
Events
Quiz Creation
Community
Videos
Private Events
Remove Ads
Sign In
Join for FREE
Feedback
Dark Mode
Quiz Categories
Sports
Geography
Music
Movies
Television
Just For Fun
Miscellaneous
History
Literature
Language
Science
Gaming
Entertainment
Religion
Holiday
For Kids
Quiz Lab
Recent
Popular Today
Quiz Kudos Today
Editor Picks
Curator Picks
Quizzes by...
Day
Popularity
Type
Ratings
Length
Year
Community
Subscriptions
Recent Discussions
Orange Saloon
Badges
Playlists
Quests
Create
Leaderboards
Showdown
Live 5
Trivia Bingo
Activity
Puzzle Library
Sporcle Events
Private Events
Virtual Trivia
Globe League
Become a Host
Pub Owners
SporcleCon
Opinionation
Our Games
Videos
Blog
Mobile Apps
Partnerships
Remove Ads and Go Orange
Feedback
Geography
Country
Landmarks
City
State
Population
World
Capital
Continent
Flags
Europe
Africa
Asia
South America
North America
Oceania
Border
Canada
United Kingdom
Topography
United States
Geography
Country
Landmarks
City
State
Population
World
Capital
Continent
Flags
Europe
Africa
Asia
South America
North America
Oceania
Border
Canada
United Kingdom
Topography
United States
Random Quiz
Search Sporcle
×
Quiz Lab
Quiz Lab
Geography
Population
Type in answers that appear in a list
Type in answers that appear in a list
Classic
Best Score? Go Orange.
Cities Named for Countries Stats
Can you name the 50 most populous incorporated municipalities in the United States named for foreign countries?
By
devinkeithley
5m
50 Questions
77 Plays
77 Plays
77 Plays
Comments
Comments
Give Quiz Kudos
Give Quiz Kudos
-
- Ratings
hide this ad
Replay
Link that replays current quiz
Next Quiz
Link to next quiz in quiz playlist
You Got
0%
They Got
Avg Score
41%
Avg Friend Score
Upgrade to see
Score Distribution
Jump to the score distribution portion of the page
Score
0/50
Timer
05:00
0
Plays Today
State
Incorporated Municipality
% Correct
Maine
China
77.9%
Missouri
Mexico
72.7%
Maine
Mexico
72.7%
New York
Greece
66.2%
Maine
Norway
66.2%
Michigan
Norway
66.2%
New York
Russia
66.2%
New York
Sweden
62.3%
Indiana
Brazil
59.7%
Maine
Poland
58.4%
Ohio
Poland
58.4%
New York
Poland
58.4%
Missouri
Cuba
57.1%
New York
Cuba
57.1%
South Carolina
Denmark
53.2%
New York
Denmark
53.2%
Indiana
Peru
51.9%
Illinois
Peru
51.9%
New York
Peru
51.9%
Tennessee
Lebanon
48.1%
Pennsylvania
Lebanon
48.1%
Ohio
Lebanon
48.1%
Oregon
Lebanon
48.1%
Indiana
Lebanon
48.1%
New Hampshire
Lebanon
48.1%
State
Incorporated Municipality
% Correct
Connecticut
Lebanon
48.1%
Maine
Lebanon
48.1%
Kentucky
Lebanon
48.1%
Illinois
Lebanon
48.1%
Virginia
Lebanon
48.1%
Michigan
Holland Charter Township
40.9%
Michigan
Holland
36.4%
New York
Holland
36.4%
Massachusetts
Holland
36.4%
New York
Malta
31.2%
Texas
Palestine
27.3%
Ohio
Macedonia
23.4%
Connecticut
New Britain
20.8%
Pennsylvania
New Britain
20.8%
California
San Marino
19.5%
Indiana
Angola
15.6%
Pennsylvania
New Holland
10.4%
Ohio
New Lebanon
7.8%
New York
Persia
7.8%
Texas
Nederland
5.2%
Wisconsin
Luxemburg
5.2%
New York
Chili
2.6%
New York
Batavia
2.6%
Indiana
New Palestine
2.6%
New Jersey
Holland Township
0%
Quiz Playlist
Details
Report
Send in Message
Add To Playlist
Classic:
Type in answers that appear in a list
Last Updated: Aug 27, 2017
Quiz Scoreboard
CHALLENGE
Sign Up to Join the Scoreboard
Show All
Scores
Hide
Comments
May contain spoilers
Recently Published
Street Fighter Characters
by Artimus82
Gaming
60s
9x9 Crossword: Cartoon Network
by jackfrog10
Miscellaneous
3m
College Basketball Coaching Resumes
by pancakes188
Sports
9m
More to Explore
Quiz From the Vault
Featured Blog Post
Where Did the Easter Bunny Come From?
hide this ad
You Might Also Like...
Tags
City Quiz
Country Quiz
Population Quiz
State Quiz
United States Quiz
2016
foreign
Incorporated
Municipality
United
Today's Top Quizzes in Geography
Browse Geography
hide this ad
Today's Top Quizzes in Population
Browse Population
Top Contributed Quizzes in Geography
1
Countries of the World - No Outlines Minefield
2
Top 25 Cities of France on a map
3
Any capital of a 'B' country per Continent
4
Any capital of a 'C' country per Continent
5
Closest Countries to UK A-Z
6
Any capital of a 'D' country per Continent
7
5-to-1: US Geography No Hints
8
Any capital of an 'E' country per Continent
9
Find the US States - No Outlines
10
Any capital of an 'F' country per Continent
Explore More
Trending Topics
Harry Potter
Disney
NBA
Kpop
Crossword
Marvel
Anime
Country
The Office
NFL
WWE
Puzzle
Soccer
Song
Pokémon
hide this ad
More By:
devinkeithley
Quiz
Plays
Rating
Category
Featured
Created
Historical Foreign-Born Population
43,683
4.73
Geography
Apr 16, 2018
NBA Players by Face
14,213
5.00
Sports
Jul 1, 2017
US Cities Named for World Capitals
4,638
3.07
Geography
Jul 23, 2017
50 Largest Jewish Cities in the World in 1900
3,175
4.35
Geography
Mar 12, 2017
Current U.S. Allies
1,145
5.00
Geography
May 26, 2017
Go to Creator's Profile
Score Distribution
Quiz Creator Spotlight
devinkeithley
Follow
Send a Message
Quizzes Created
-
Created Quiz Play Count
-
More By This Creator
Popular Quizzes Today
1
Find the US States - No Outlines Minefield
2
Find the Countries of Europe - No Outlines Minefield
3
The Countries of the World
4
Find the US States
5
Risky Map Clicking: Biggest States A-Z
6
US States
7
Popular People in 1961
8
Movies - When Are They Set?
More Geography Quizzes
10 Closest Capitals to Oslo
Published
Trending Quizzes
Risky Map Clicking: Least Populous States A-Z
Countries of the World: 200 Million BC
Billboard Blitz: Aretha Franklin
1-10 Letter G Words
Famous Russians: Author or Composer?
Recently Updated
Leaping Animals
pecheneg
Reality TV Shows (A-Z)
bhenderson79
Rickey Henderson's Hall of Fame Teammates
pecheneg
Champions League XIs: Arsenal
pecheneg
Quick Pick: Celebrities in WWE's Hall of Fame
aduchscher
A-Z Keypad Blitz II
pecheneg
Multiple Oscar Actors
pecheneg
Mystery Phrase Blitz: Oscar 'Best Actors'
pecheneg
F. Scott Fitzgerald Novels
LTH
Pick 3 Villains
ddd62291
Trending Topics
Disney
Harry Potter
Crossword
NBA
Marvel
Kpop
Anime
Pokémon
Puzzle
Song
WWE
Country
The Office
NFL
Soccer
Your Account Isn't Verified!
In order to create a playlist on Sporcle, you need to verify the email address you used during registration. Go to your
Sporcle Settings
to finish the process.
Report this User
Report this user for behavior that violates our
Community Guidelines
.
Details:
Send Report
Go to the Sporcle.com Mobile Site →
Comments